000 00466nam a2200181Ia 4500
005 20260525133815.0
008 131103s9999 xx 000 0 und d
040 _aLoreto College
041 _aEnglish
082 _a808
_bWAL
100 _aWalsh, William
245 4 _aThe use of imagination
_cWilliam Walsh
260 _aLondon
_bChatto & Windus
_c1959
300 _a259p.
650 _aRhetoric & collections of literature
850 _aLCLIB
942 _cBK
999 _c20710
_d71189